Départements par noms détournés I - Statistiques

Statistiques générales
  • Ce quiz a été pris 60 fois
  • Le résultat moyen est 7 sur 15
Statistiques - réponses
Indice Département % Correct
Le Sud (contraire) Le Nord
95%
60 minutes Eurre
89%
Piquant (contraire) Le Doubs
77%
L'addition Somme
61%
Pyrénées terrestres (contraire) Alpes Maritimes
52%
Le Rongeur est coûteux Loir-et-cher
50%
Promit Jura
46%
Roquefort Cantal
45%
Sol terminé Finistère
34%
Tigresse L'Yonne
34%
Mon Lion Mayenne
21%
Berlin Vienne
20%
La Retrouvaille Réunion
18%
Le Lâche (contraire) Herault
16%
Bernadette fait l'amour Martinique
16%
Aucun quiz correspondant
Distribution des résultats
% des personnes avec chaque résultat
Percentile par nombre de réponses
Votre historique - résultats
Vous n’avez pas pris ce quiz